Manual para la redacción de una tesis de posgrado : una guía para la investigación /

Guardado en:
Detalles Bibliográficos
Autor principal: Galicia Isasmendi, Iván (autor.)
Otros Autores: Rodríguez Pérez, Hugo (autor.)
Formato: eBook
Lenguaje:español
Publicado: San Andrés Cholula : Fundación Universidad de las Américas Puebla (UDLAP), 2023.
Materias:
Acceso en línea:https://elibro.unach.elogim.com/es/lc/unach/titulos/286041
Etiquetas: Agregar Etiqueta
Sin Etiquetas, Sea el primero en etiquetar este registro!

MARC

LEADER 00000nam a2200000 i 4500
001 ELB286041
003 FINmELB
005 20250822112418.0
006 m o u
007 cr cn|||||||||
008 250822s2023 mx ob 000 0 spa d
020 |z 9786078674824 
035 |a (OCoLC)1538594507 
040 |a FINmELB  |b spa  |e rda  |c FINmELB 
050 1 4 |a LB2369  |b G156 2023 
080 |a 378 
082 0 4 |a 378.242  |2 23 
100 1 |a Galicia Isasmendi, Iván,  |e autor. 
245 1 0 |a Manual para la redacción de una tesis de posgrado :  |b una guía para la investigación /  |c Iván Galicia Isasmendi, Hugo Rodríguez Pérez. 
264 1 |a San Andrés Cholula :  |b Fundación Universidad de las Américas Puebla (UDLAP),  |c 2023. 
300 |a 1 recurso en línea (84 páginas) 
336 |a texto  |b txt  |2 rdamedia/spa 
337 |a computadora  |b c  |2 rdamedia/spa 
338 |a recurso en línea  |b cr  |2 rdacarrier/spa 
504 |a Incluye referencias bibliográficas. 
588 |a Descripción basada en metadatos suministrados por el editor y otras fuentes. 
590 |a Recurso electrónico. Santa Fe, Arg.: elibro, 2025. Disponible vía World Wide Web. El acceso puede estar limitado para las bibliotecas afiliadas a elibro. 
650 4 |a Disertaciones académicas. 
650 4 |a Escritos científicos. 
650 4 |a Redacción de informes. 
650 4 |a Estudios de postgrado. 
655 4 |a Libros electrónicos. 
700 1 |a Rodríguez Pérez, Hugo,  |e autor. 
797 2 |a elibro, Corp. 
856 4 0 |u https://elibro.unach.elogim.com/es/lc/unach/titulos/286041